• 首页
  • 本馆介绍
  • 公告通知
  • 最新文献
  • 馆藏检索
  • 电子资源
  • 读者导购
  • 参考咨询
  • 我的图书馆
  • 登录
  • 详细信息显示
  • 放入我的书架
  • 预约/预借图书
  • 作者相关作品
  • 分类相关作品
  • 丛书相关作品
  • 出版社相关作品

书目信息

  • 表格格式
  • 工作单格式
  • 卡片格式
题名:
MCSE:中文Windows NT Server4
    
 
作者: 谢尔 著 ;陈军 译
分册:  
出版信息: 北京   机械工业出版社  1998
页数: 291页
开本: 26cm
丛书名:
单 册:
中图分类: TP393.1
科图分类:
主题词: Windows操作系统--应用软件--网络服务器 , Windows操作系统--应用软件
电子资源:
ISBN: 7-111-06695-2
000 00955nam0 2200265 450
001 0100719191
005 20130219164037.0
010    @a7-111-06695-2@dCNY48.00
011    @a7-111-06695-2
100    @a20021005d1998 em y0chiy0110 ea
101 1  @achi@ceng
102    @aCN@b110000@aUS
105    @ay z 000yy
106    @ar
200 1  @aMCSE:中文Windows NT Server4@9M C S E : Zhong Wen W i n d o w s N T S e r v e r 4 @f(美)[D.G.谢尔]David G.Schaer等著@g陈军等译@b专著
210    @a北京@c机械工业出版社@a[纽约]@c西蒙与舒斯特国际出版公司@d1998
215    @a291页@d26cm@e光盘1片
510 1  @aSams'Teach yourself MCSE Windows NT Server 4 in 14 days@zeng
606 0  @aWindows操作系统@x应用软件@x网络服务器
606 0  @aWindows操作系统@x应用软件
690    @aTP393.1@v3
701  1 @c(美)@a谢尔@c(Schaer, David G.)@9xie er@4著
702  0 @a陈军@9chen jun@4译
801  0 @aCN@bAiZhiMarc@c19990531
905    @aBZT@dTP393.1@e101@f1@sTP393.1/101
    
    MCSE:中文Windows NT Server4/(美)[D.G.谢尔]David G.Schaer等著/陈军等译.-北京:机械工业出版社;[纽约]:西蒙与舒斯特国际出版公司,1998
    291页;26cm+光盘1片
    
    
    ISBN 7-111-06695-2:CNY48.00
    
●
相关链接 在五车中查询图书 在当当中查询图书 在豆瓣中查询图书


正题名:MCSE:中文Windows NT Server4     索取号:TP393.1/101         预约/预借

序号 登录号 条形码 馆藏地/架位号 状态 备注
1 2000149888   2000149888   旧书回溯/ [索取号:TP393.1/101] 在馆    
山东省滨州职业学院图书馆 欢迎您!
大连网信软件有限公司© 版权所有